| Tag |
First Indicator |
Second Indicator |
Subfields |
| LEADER |
00000cim a2200000Ia 4500 |
| 001 |
in00002370521 |
| 005 |
20151109050741.0 |
| 007 |
sd fungnn|||ee |
| 008 |
080507s2007 txunnnn t n spa d |
| 035 |
|
|
|a (OCoLC)ocn227193021
|
| 035 |
|
|
|a (OCoLC)227193021
|
| 040 |
|
|
|a TXA
|c TXA
|d UtOrBLW
|
| 043 |
|
|
|a s-ag---
|
| 049 |
|
|
|a TXAM
|
| 090 |
|
|
|a PQ7081.A1
|b C54 2007 no. 8
|
| 100 |
1 |
|
|a Andralis, Juan,
|d 1924-1994,
|e interviewee.
|
| 245 |
1 |
0 |
|a Juan Andralis.
|n [no. 2] :
|b [interview].
|
| 264 |
|
1 |
|a [Place of publication not identified] :
|b [publisher not identified] ;
|c [2007]
|
| 300 |
|
|
|a 1 sound disc :
|b digital ;
|c 4 3/4 in.
|
| 336 |
|
|
|a spoken word
|b spw
|2 rdacontent
|
| 337 |
|
|
|a audio
|b s
|2 rdamedia
|
| 338 |
|
|
|a audio disc
|b sd
|2 rdacarrier
|
| 490 |
1 |
|
|a Colección Los Palabristas ;
|v 8
|
| 511 |
0 |
|
|a Interviewer, Esteban Peicovich ; interviewee, Juan Andralis.
|
| 500 |
|
|
|a Recordable compact disc.
|
| 518 |
|
|
|a Originally broadcast from Buenos Aires, Argentina as a segment of the radio program Los Palabristas.
|
| 520 |
|
|
|a Artist Juan Andralis talks about his formative years in art school in Argentina with surrealist painter Batlle Planas, how he became interested in surrealism, and how he escaped political persecution by leaving Argentina for France. He describes how he was influenced by the surrealist artists he met in France, including Breton, Giacometti, and others. He also discusses his strong interest in alchemy and symbols, and the reasons for abandoning his career as a painter.
|
| 534 |
|
|
|p Reproduction.
|a Andralis,Juan.
|t Juan Andralis. [no. 2]
|c [199-?]
|e 1 sound cassette : analog.
|
| 500 |
|
|
|a Converted with permission from sound cassette to compact disc by the Texas A&M University Libraries.
|
| 500 |
|
|
|a Sound recording.
|
| 600 |
1 |
0 |
|a Andralis, Juan,
|d 1924-1994
|v Interviews.
|
| 600 |
1 |
0 |
|a Andralis, Juan,
|d 1924-1994
|x Friends and associates.
|
| 650 |
|
0 |
|a Alchemy in art.
|
| 650 |
|
0 |
|a Surrealist artists
|z Argentina
|v Interviews.
|
| 650 |
|
0 |
|a Painters
|z Argentina
|v Interviews.
|
| 650 |
|
0 |
|a Radio talk shows
|z Argentina
|z Buenos Aires.
|
| 700 |
1 |
|
|a Peicovich, Esteban,
|e host,
|e interviewer.
|
| 710 |
2 |
|
|a Texas A & M University.
|b Libraries.
|
| 730 |
0 |
|
|a Palabristas.
|
| 830 |
|
0 |
|a Colección Los Palabristas ;
|v 8.
|
| 994 |
|
|
|a C0
|b TXA
|
| 948 |
|
|
|a cataloged
|b h
|c 2008/5/7
|d o
|e jho
|f 5:52:22 pm
|
| 999 |
|
|
|a MARS
|
| 999 |
f |
f |
|s 06a5d987-7117-308f-bd51-dac4a95b678a
|i 13bb5bb8-c0e1-3355-99e3-ba0e9bfa4f69
|t 0
|
| 952 |
f |
f |
|p noncirc
|a Texas A&M University
|b College Station
|c Cushing Memorial Library & Archives
|d Cushing: Area Studies/Hispanic (Does not check out)
|t 0
|e PQ7081.A1 C54 2007 no. 8
|h Library of Congress classification
|i audio -- audio disc
|m A14837224022
|
| 998 |
f |
f |
|a PQ7081.A1 C54 2007 no. 8
|t 0
|l Cushing: Area Studies/Hispanic (Does not check out)
|